[Event "Polugaevsky Memorial 2018"]
[Site "Samara"]
[Date "2018.07.10"]
[Round "1"]
[White "Shaposhnikov, Evgeny"]
[Black "Tyurin, Artem"]
[Result "1-0"]
[WhiteElo "2572"]
[BlackElo "2021"]
[Annotator "ChessBase"]
[PlyCount "99"]
[EventDate "2018.07.10"]
[EventType "swiss"]
[EventCountry "RUS"]
[SourceTitle "playchess.com"]
[Source "ChessBase"]
[SourceQuality "1"]
[TimeControl "40/5400+30:1800+30"]

1. Nf3 {[%emt 0:00:00]} Nf6 {[%emt 0:00:00]} 2. c4 {[%emt 0:00:00]} g6 {[%emt 0:00:00]} 3. d4 {[%emt 0:00:00]} Bg7 {[%emt 0:00:07]} 4. e3 {[%emt 0:00:04]} O-O {[%emt 0:00:11]} 5. Be2 {[%emt 0:00:08]} d6 {[%emt 0:03:45]} 6. Nc3 {[%emt 0:00:13]} Nbd7 {[%emt 0:01:38]} 7. b3 {[%emt 0:00:00]} c5 {[%emt 0:01:30]} 8. O-O {[%emt 0:00:05]} a6 {[%emt 0:02:25]} 9. Bb2 {[%emt 0:00:19]} Qc7 {[%emt 0:00:55]} 10. Rc1 {[%emt 0:00:30]} b6 {[%emt 0:01:59]} 11. h3 {[%emt 0:01:13]} Bb7 {[%emt 0:01:54]} 12. Qc2 {[%emt 0:01:07]} Rac8 {[%emt 0:04:14]} 13. d5 {[%emt 0:00:16]} Rfd8 {[%emt 0:02:35]} 14. e4 {[%emt 0:00:44]} Nh5 {[%emt 0:02:03]} 15. Rfe1 {[%emt 0:02:32]} Nf4 {[%emt 0:04:32]} 16. Bf1 {[%emt 0:00:16]} Ne5 {[%emt 0:00:40]} 17. Nd2 {[%emt 0:03:44]} Qd7 {[%emt 0:02:15]} 18. Na4 {[%emt 0:03:15]} Rb8 {[%emt 0:11:12]} 19. Nxb6 {[%emt 0:00:59]} Qc7 {[%emt 0:00:04]} 20. Na4 {[%emt 0:00:21]} Bc8 {[%emt 0:00:27]} 21. Re3 {[%emt 0:08:12]} Bh6 {[%emt 0:02:24]} 22. Rd1 {[%emt 0:05:41]} f6 {[%emt 0:03:55]} 23. Nc3 {[%emt 0:03:50]} Kh8 {[%emt 0:05:23]} 24. Ne2 {[%emt 0:05:50]} g5 {[%emt 0:07:47]} 25. Nf3 {[%emt 0:05:59]} g4 {[%emt 0:05:28]} 26. Nxe5 {[%emt 0:00:22]} fxe5 {[%emt 0:00:45]} 27. Nxf4 {[%emt 0:01:18]} Bxf4 {[%emt 0:00:11]} 28. Red3 {[%emt 0:00:31]} gxh3 {[%emt 0:03:57]} 29. g3 {[%emt 0:00:06]} Bg5 {[%emt 0:03:37]} 30. Kh2 {[%emt 0:02:40]} Rg8 {[%emt 0:03:03]} 31. Bxh3 {[%emt 0:03:44]} Rg6 {[%emt 0:05:06]} 32. Rh1 {[%emt 0:03:45]} Bxh3 33. Kxh3 {[%emt 0:00:07]} Rh6+ {[%emt 0:04:37]} 34. Kg2 {[%emt 0:00:09]} Rxh1 {[%emt 0:00:04]} 35. Kxh1 {[%emt 0:00:08]} Qd7 {[%emt 0:00:22]} 36. Kg2 {[%emt 0:00:22]} Rf8 {[%emt 0:02:51]} 37. Qe2 {[%emt 0:03:32]} Rf6 {[%emt 0:02:45]} 38. Qh5 {[%emt 0:01:02]} Rg6 {[%emt 0:06:58]} 39. Rf3 {[%emt 0:00:00]} Kg7 {[%emt 0:00:00]} 40. Rf5 {[%emt 0:00:00]} Bf6 {[%emt 0:00:00]} 41. Bc1 {[%emt 0:01:20]} h6 {[%emt 0:01:32]} 42. Qh3 {[%emt 0:00:24]} Qe8 {[%emt 0:01:31]} 43. Rh5 {[%emt 0:00:18]} Qh8 {[%emt 0:00:05]} 44. Bd2 {[%emt 0:00:32]} Bg5 {[%emt 0:00:49]} 45. Bxg5 {[%emt 0:00:44]} Rxg5 {[%emt 0:00:03]} 46. Rxg5+ {[%emt 0:00:14]} hxg5 {[%emt 0:00:05]} 47. Qxh8+ {[%emt 0:00:15]} Kxh8 {[%emt 0:00:02]} 48. Kf3 {[%emt 0:00:07]} Kg7 {[%emt 0:00:03]} 49. Kg4 {[%emt 0:00:08]} Kg6 {[%emt 0:01:57]} 50. f3 {[%emt 0:00:09]} 1-0

[Event "Polugaevsky Memorial 2018"]
[Site "Samara"]
[Date "2018.07.10"]
[Round "1"]
[White "Gabrielian, Artur"]
[Black "Aukhatov, Roman"]
[Result "1-0"]
[WhiteElo "2518"]
[BlackElo "2007"]
[Annotator "TA"]
[PlyCount "43"]
[EventDate "2018.07.10"]
[EventType "swiss"]
[EventCountry "RUS"]
[SourceTitle "playchess.com"]
[Source "ChessBase"]
[SourceQuality "1"]

{[%evp 21,43,86,105,99,89,70,110,120,125,77,69,84,189,182,204,210,221,209,252,246,317,309,736,729]} 1. e4 c5 2. Nc3 e6 3. Nf3 a6 4. d4 cxd4 5. Nxd4 b5 6. Bd3 Qb6 7. Nf3 Bb7 {B43: Sicilian: Kan Variation: 5 Nc3} 8. O-O d6 (8... Qc7 9. Re1 Be7 10. Qd2 Nf6 11. Qg5 Kf8 12. Bf4 Qd8 13. e5 Nd5 14. Qg3 Nxf4 15. Qxf4 Bxf3 16. Qxf3 {½-½ (29) Grischuk,A (2772)-Khismatullin,D (2632) Riadh 2017}) 9. a4 {[%cal Ba2a4,Ba4a5][%mdl 32]} b4 10. a5 Qc7 11. Na4 Nd7 {LiveBook: 7 Games} 12. Be3 Ngf6 13. Nb6 Rd8 {[#]} 14. Qe2 $1 Be7 15. Nd2 $146 ({Predecessor:} 15. Bxa6 Bxa6 16. Qxa6 Qxc2 {½-½ (30) Willemze,J (2327)-Bosboom,M (2440) Dieren 2003}) 15... O-O 16. Bxa6 Nxe4 (16... Bxa6 $16 {is a better defense.} 17. Qxa6 d5) 17. Bxb7 $18 Nxd2 18. Qxd2 ({But not} 18. Bxd2 $6 Qxb7 19. Nxd7 (19. Bxb4 Nxb6 20. axb6 Rb8 $14) 19... Rxd7 $16) 18... Qxb7 19. Qxb4 Nb8 20. Qb5 Na6 21. c4 d5 $2 {[#]} (21... Rfe8 22. b4 Rb8) 22. Nxd5 {Precision: White = 85%, Black = 29%.} 1-0

[Event "Polugaevsky Memorial 2018"]
[Site "Samara"]
[Date "2018.07.10"]
[Round "1"]
[White "Fakhrutdinov, Timur"]
[Black "Sakletin, Vasily"]
[Result "1-0"]
[WhiteElo "2460"]
[BlackElo "1949"]
[Annotator "TA"]
[PlyCount "77"]
[EventDate "2018.07.10"]
[EventType "swiss"]
[EventCountry "RUS"]
[SourceTitle "playchess.com"]
[Source "ChessBase"]
[SourceQuality "1"]

{[%evp 15,77,52,73,70,70,79,108,106,168,156,239,259,235,257,312,285,489,489,647,661,645,570,785,766,845,860,850,812,751,543,533,385,442,424,459,452,539,548,623,626,608,566,693,688,688,686,678,668,674,673,665,666,692,688,667,649,731,712,1089,971,815,771,2290,2792]} 1. e4 c6 2. d4 d5 3. Nc3 dxe4 4. Nxe4 Nf6 5. Nxf6+ gxf6 6. c3 Bf5 7. Nf3 e6 8. Nh4 {B16: Caro-Kann: Bronstein-Larsen Variation} Bg6 {LiveBook: 3 Games} 9. g3 Nd7 10. Bg2 {White is slightly better.} Qa5 $146 ({Predecessor:} 10... Qc7 11. O-O Bd6 12. a4 O-O 13. a5 Rfe8 14. c4 Rad8 15. a6 b6 16. Re1 c5 17. d5 Ne5 18. Nxg6 hxg6 19. b3 exd5 20. Bxd5 {1-0 (41) Van Mil,J (2435)-Lalic,S (2315) Isle of Man 1995}) 11. O-O O-O-O (11... Bg7 $16) 12. a4 $18 {[%cal Ba2a4,Ba4a5][%mdl 32]} Bd6 {[#]} (12... Bh5 $16 13. g4 Bg6) 13. b4 $1 {[%cal Rb4a5]} Qc7 14. b5 c5 15. a5 cxd4 $2 (15... Rdg8 {is a better defense.} 16. Nxg6 hxg6) 16. cxd4 Bc2 17. Qf3 f5 18. Ba3 Be4 19. Rfc1 Bxf3 20. Bxd6 Qxc1+ 21. Rxc1+ Nc5 22. Be5 Bxg2 23. Bxh8 (23. dxc5 Bd5 $11) 23... Bd5 24. Be5 {White is clearly winning.} ({Much less strong is} 24. Rxc5+ Kd7 $18) ({Inferior is} 24. dxc5 Rxh8 25. Ng2 Kc7 $11) 24... Kd7 25. dxc5 Rc8 26. Ng2 Ke7 27. Nf4 Be4 28. Nh5 Bd3 29. Bd6+ Kd8 30. b6 axb6 31. axb6 Kd7 32. Nf6+ Kc6 33. Nxh7 f4 34. Ng5 fxg3 35. fxg3 Bg6 36. Nf3 Bh5 37. Nd4+ Kd5 38. Nb5 Rg8 {[#]} 39. c6 $1 {Precision: White = 98%, Black = 31%.} 1-0

[Event "Polugaevsky Memorial 2018"]
[Site "Samara"]
[Date "2018.07.10"]
[Round "1"]
[White "Drygalov, Andrey"]
[Black "Salomatin, Anton"]
[Result "1-0"]
[WhiteElo "2439"]
[BlackElo "1946"]
[Annotator "NA"]
[PlyCount "117"]
[EventDate "2018.07.10"]
[EventType "swiss"]
[EventCountry "RUS"]
[SourceTitle "playchess.com"]
[Source "ChessBase"]
[SourceQuality "1"]
[TimeControl "40/5400+30:1800+30"]

1. e4 {[%emt 0:00:00]} c5 {[%emt 0:00:00]} 2. Nf3 {[%emt 0:00:00]} d6 {[%emt 0:00:03]} 3. Bb5+ {[%emt 0:00:00]} Bd7 {[%emt 0:00:36]} 4. Bxd7+ {[%emt 0:00:25]} Qxd7 {[%emt 0:00:31]} 5. c4 {[%emt 0:00:10]} Nc6 {[%emt 0:04:30]} 6. Nc3 {[%emt 0:00:07]} g6 {[%emt 0:00:44]} 7. d4 {[%emt 0:00:13]} cxd4 {[%emt 0:00:51]} 8. Nxd4 {[%emt 0:00:04]} Bg7 {[%emt 0:00:15]} 9. Be3 {[%emt 0:00:40]} Nf6 {[%emt 0:01:25]} 10. f3 {[%emt 0:00:44] LiveBook: 345 Games} Ne5 {[%emt 0:01:54] B52: Sicilian: Moscow Variation with 3...Bd7} (10... O-O 11. O-O a6 12. Na4 Rab8 13. Nxc6 Qxc6 14. Nb6 Nd7 15. Nxd7 Qxd7 16. Rf2 b5 17. c5 Qa7 18. Rc1 dxc5 19. Bxc5 Qc7 {1-0 (50) Caruana,F (2807)-Kasparov,G (2812) Saint Louis 2017}) 11. b3 {[%emt 0:01:48]} O-O {[%emt 0:07:16]} 12. O-O {[%emt 0:01:04]} Rfd8 {[%emt 0:08:08]} 13. Qd2 {[%emt 0:00:29]} Nc6 {[%emt 0:00:52]} 14. Rfd1 $146 {[%emt 0:02:18]} ({Predecessor:} 14. Rad1 Ne8 15. Nd5 Nxd4 16. Bxd4 Bxd4+ 17. Qxd4 e5 18. Qe3 Kg7 19. f4 exf4 {1-0 (53) Zigura,O (2335)-Ricroque,J (1870) Issy les Moulineaux 1996}) 14... h5 {[%emt 0:03:43]} 15. Qf2 {[%emt 0:03:44]} b6 {[%emt 0:10:29]} 16. Rac1 {[%emt 0:00:52]} Ne5 {[%emt 0:01:33]} 17. h3 {[%emt 0:03:07]} Qb7 {[%emt 0:00:46]} 18. Qh4 {[%emt 0:10:47]} Rac8 {[%emt 0:20:51]} 19. Nd5 {[%emt 0:10:00]} (19. f4 $16 Ned7 20. f5) 19... Nxd5 {[%emt 0:04:55]} (19... Re8 $142) 20. exd5 {[%emt 0:00:47]} ({Resist} 20. cxd5 $6 Rxc1 21. Bxc1 (21. Rxc1 Rc8 $14) 21... Re8 $14) 20... Bf6 {[%emt 0:06:22]} 21. Qf2 {[%emt 0:01:10]} Kh7 {[%emt 0:01:08]} 22. f4 {[%emt 0:01:12]} Nd7 {[%emt 0:00:23]} 23. f5 {[%emt 0:02:32]} Rg8 {[%emt 0:00:33]} 24. fxg6+ {[%emt 0:02:38]} Rxg6 {[%emt 0:01:07]} 25. Qf5 {[%emt 0:00:09]} Rh8 $16 {[%emt 0:01:17]} 26. Rc2 {[%emt 0:13:42]} Kg7 {[%emt 0:05:09]} 27. Rf2 {[%emt 0:02:28]} Ne5 {[%emt 0:00:18]} 28. Bf4 {[%emt 0:03:06]} h4 {[%emt 0:04:01]} 29. Bxe5 {[%emt 0:04:44]} dxe5 {[%emt 0:00:24]} 30. Nf3 {[%emt 0:02:30]} Qc7 {[%emt 0:00:42]} 31. Re1 {[%emt 0:02:13]} Rhh6 {[%emt 0:07:53]} 32. Re4 {[%emt 0:03:12]} Rg3 {[%emt 0:00:41]} 33. Nxe5 {[%emt 0:03:18]} Rg5 {[%emt 0:00:45]} 34. Rg4 {[%emt 0:00:14]} Rhg6 {[%emt 0:00:01]} 35. d6 {[%emt 0:12:11]} Qxd6 {[%emt 0:02:47]} 36. Nxg6 {[%emt 0:01:02]} Rxf5 {[%emt 0:02:05]} 37. Nxe7+ {[%emt 0:00:11]} Kf8 {[%emt 0:01:33]} 38. Nxf5 {[%emt 0:00:11]} Qc5 {[%emt 0:00:36]} 39. Rgf4 {[%emt 0:03:13]} Bg5 {[%emt 0:00:53]} 40. Rd4 {[%emt 0:00:00]} f6 {[%emt 0:00:00]} 41. Rd8+ {[%emt 0:05:09]} Kf7 {[%emt 0:00:46]} 42. Rd7+ {[%emt 0:00:13]} Kf8 {[%emt 0:01:34]} 43. Rd5 {[%emt 0:02:32]} Qa3 {[%emt 0:01:59]} 44. Rd1 {[%emt 0:00:29]} Qc5 {[%emt 0:01:11]} 45. Kf1 {[%emt 0:00:35]} Qe5 {[%emt 0:00:19]} 46. Kg1 {[%emt 0:11:13]} Qc5 {[%emt 0:06:03]} 47. Rdf1 {[%emt 0:01:00]} a5 {[%emt 0:01:18]} 48. a4 {[%emt 0:03:43]} Qe5 {[%emt 0:01:56]} 49. Kh1 {[%emt 0:01:19]} Qc3 {[%emt 0:01:40]} 50. Rf3 {[%emt 0:02:50]} Qd2 {[%emt 0:00:05]} 51. g3 {[%emt 0:02:44]} hxg3 {[%emt 0:01:09]} 52. Nxg3 {[%emt 0:00:05]} Qd4 {[%emt 0:03:23]} 53. Ne2 {[%emt 0:01:22]} Qe4 {[%emt 0:04:11]} 54. Nc3 {[%emt 0:00:09]} Qc2 {[%emt 0:00:20]} 55. Nd5 {[%emt 0:00:11]} Qe4 {[%emt 0:01:14]} 56. Nxb6 {[%emt 0:02:13]} Be3 {[%emt 0:00:57]} 57. Nd7+ {[%emt 0:00:20]} Kg7 {[%emt 0:02:37]} 58. Nxf6 {[%emt 0:00:07]} Qc6 {[%emt 0:01:28]} 59. Nd5 {[%emt 0:00:11]} 1-0

[Event "Polugaevsky Memorial 2018"]
[Site "Samara"]
[Date "2018.07.10"]
[Round "1"]
[White "Lazhevskaya, Zhanni"]
[Black "Fedorov, Alexey A"]
[Result "0-1"]
[WhiteElo "2029"]
[BlackElo "1399"]
[Annotator "NA"]
[PlyCount "90"]
[EventDate "2018.07.10"]
[EventType "swiss"]
[EventCountry "RUS"]
[SourceTitle "playchess.com"]
[Source "ChessBase"]
[SourceQuality "1"]
[TimeControl "40/5400+30:1800+30"]

1. e4 {[%emt 0:00:00]} c5 {[%emt 0:00:00]} 2. Nf3 {[%emt 0:00:00]} e6 {[%emt 0:00:10]} 3. d4 {[%emt 0:00:00]} cxd4 {[%emt 0:00:05]} 4. Nxd4 {[%emt 0:00:00]} a6 {[%emt 0:00:07]} 5. Nc3 {[%emt 0:00:09]} Qc7 {[%emt 0:00:34]} 6. g3 {[%emt 0:01:52]} Nf6 {[%emt 0:03:26]} 7. Bg2 {[%emt 0:01:14]} Nc6 {[%emt 0:00:05]} 8. O-O {[%emt 0:04:19]} h5 {[%emt 0:00:27] B47: Sicilian: Taimanov: 5 Nc3 Qc7 6 f4, 6 g3 and 6 Be2} 9. Nxc6 {[%emt 0:10:06] LiveBook: 22 Games} dxc6 {[%emt 0:01:24]} 10. Bg5 {[%emt 0:07:25]} Be7 {[%emt 0:07:26]} 11. Qd2 $146 {[%emt 0:04:17]} ({Predecessor:} 11. Qe2 e5 12. a4 a5 13. Kh1 b6 14. Nd1 Ba6 15. c4 Ng4 16. Bxe7 Qxe7 {½-½ (44) Gu,X (2332)-Bruzon Batista,L (2661) Paramaribo 2017}) 11... e5 {[%emt 0:00:21]} 12. Rad1 {[%emt 0:06:52]} Bg4 {[%emt 0:01:13]} 13. f3 {[%emt 0:00:46]} Be6 {[%emt 0:00:31]} 14. Qf2 {[%emt 0:06:14]} Ng4 {[%emt 0:09:28]} 15. Qd2 {[%emt 0:08:59]} f6 {[%emt 0:09:36]} 16. fxg4 {[%emt 0:04:54]} fxg5 {[%emt 0:00:12]} 17. gxh5 {[%emt 0:01:37]} Rxh5 {[%emt 0:09:17]} 18. Qf2 $17 {[%emt 0:01:11]} g4 {[%emt 0:12:59]} 19. Na4 {[%emt 0:10:34]} Qa5 {[%emt 0:00:48]} 20. b3 {[%emt 0:00:09]} Rh8 {[%emt 0:02:05]} 21. Kh1 {[%emt 0:06:27]} Rf8 {[%emt 0:08:33]} 22. Qe3 {[%emt 0:03:51]} Rd8 {[%emt 0:10:08]} 23. Rd3 {[%emt 0:13:39]} Rxd3 {[%emt 0:02:52]} 24. Qxd3 {[%emt 0:00:12]} b5 {[%emt 0:02:27]} 25. Qc3 {[%emt 0:01:02]} Qxc3 {[%emt 0:00:34]} 26. Nxc3 {[%emt 0:00:04]} Rh8 {[%emt 0:01:26]} 27. Rd1 {[%emt 0:02:53]} Bc5 {[%emt 0:00:38]} 28. Bf1 {[%emt 0:02:52]} Ke7 {[%emt 0:04:25]} 29. Bd3 {[%emt 0:00:47]} a5 {[%emt 0:01:30]} 30. a4 {[%emt 0:01:43]} Bd4 {[%emt 0:01:01]} 31. Ne2 {[%emt 0:00:38]} bxa4 {[%emt 0:00:39]} 32. Nxd4 {[%emt 0:00:25]} exd4 {[%emt 0:00:07]} 33. bxa4 {[%emt 0:00:03]} Rb8 {[%emt 0:01:06]} 34. Be2 {[%emt 0:00:21]} Rb4 {[%emt 0:00:23]} 35. Ra1 {[%emt 0:01:13]} Rb2 {[%emt 0:01:20]} 36. Bd1 {[%emt 0:00:32]} Kd6 {[%emt 0:01:39]} 37. Kg1 {[%emt 0:00:24]} Ke5 {[%emt 0:00:54]} 38. Kf2 {[%emt 0:00:31]} c5 {[%emt 0:03:07]} 39. Ke2 {[%emt 0:00:22]} Kxe4 {[%emt 0:00:40]} 40. Kd2 {[%emt 0:00:00]} c4 {[%emt 0:00:00]} 41. Be2 {[%emt 0:03:04]} d3 {[%emt 0:02:06]} 42. Bxd3+ {[%emt 0:00:04]} cxd3 {[%emt 0:00:14]} 43. Re1+ {[%emt 0:00:08]} Kd5 {[%emt 0:00:06]} 44. Kxd3 {[%emt 0:00:24]} Bf5+ {[%emt 0:00:04]} 45. Ke3 {[%emt 0:00:11]} Bxc2 {[%emt 0:00:48] Kd4+ Ke5+} 0-1

[Event "Polugaevsky Memorial 2018"]
[Site "Samara"]
[Date "2018.07.10"]
[Round "1"]
[White "Mochalin, Faddey"]
[Black "Frolyanov, Dmitry"]
[Result "0-1"]
[WhiteElo "2012"]
[BlackElo "2540"]
[Annotator "ChessBase"]
[PlyCount "105"]
[EventDate "2018.07.10"]
[EventType "swiss"]
[EventCountry "RUS"]
[SourceTitle "playchess.com"]
[Source "ChessBase"]
[SourceQuality "1"]
[TimeControl "40/5400+30:1800+30"]

1. c4 {[%emt 0:00:00]} e5 {[%emt 0:00:09]} 2. g3 {[%emt 0:00:00]} Nf6 {[%emt 0:00:13]} 3. Bg2 {[%emt 0:00:00]} d5 {[%emt 0:00:07]} 4. cxd5 {[%emt 0:00:00]} Nxd5 {[%emt 0:00:05]} 5. Nf3 {[%emt 0:00:00]} Nc6 {[%emt 0:00:25]} 6. O-O {[%emt 0:00:08]} Nb6 {[%emt 0:01:14]} 7. Nc3 {[%emt 0:00:13]} Be7 {[%emt 0:00:33]} 8. d4 {[%emt 0:00:25]} exd4 {[%emt 0:03:05]} 9. Nb5 {[%emt 0:00:11]} Bf6 {[%emt 0:06:45]} 10. Bf4 {[%emt 0:00:57]} Nd5 {[%emt 0:03:21]} 11. Bg5 {[%emt 0:00:26]} Bxg5 {[%emt 0:11:54]} 12. Nxg5 {[%emt 0:00:13]} Nde7 {[%emt 0:00:52]} 13. Qa4 {[%emt 0:00:35]} O-O {[%emt 0:02:18]} 14. Rfd1 {[%emt 0:00:43]} Nf5 {[%emt 0:02:26]} 15. Nf3 {[%emt 0:00:27]} Qe7 {[%emt 0:05:36]} 16. Qa3 {[%emt 0:00:29]} Qxa3 {[%emt 0:08:18]} 17. bxa3 {[%emt 0:00:14]} Rb8 {[%emt 0:04:48]} 18. Nxc7 {[%emt 0:11:17]} Rd8 {[%emt 0:00:55]} 19. Rac1 {[%emt 0:19:12]} Bd7 {[%emt 0:03:27]} 20. Nd2 {[%emt 0:08:56]} Rbc8 {[%emt 0:04:25]} 21. Nd5 {[%emt 0:04:28]} Be6 {[%emt 0:00:23]} 22. Nb4 {[%emt 0:05:27]} Na5 {[%emt 0:04:02]} 23. Kf1 {[%emt 0:18:58]} Nd6 {[%emt 0:06:58]} 24. Ke1 {[%emt 0:04:21]} Nb5 {[%emt 0:01:33]} 25. Nb1 {[%emt 0:03:29]} Re8 {[%emt 0:08:01]} 26. Bf3 {[%emt 0:01:54]} Bf5 {[%emt 0:06:57]} 27. a4 {[%emt 0:06:16]} Nd6 {[%emt 0:00:23]} 28. Na3 {[%emt 0:02:30]} Rxc1 {[%emt 0:02:30]} 29. Rxc1 {[%emt 0:00:08]} d3 {[%emt 0:04:38]} 30. Rd1 {[%emt 0:06:06]} Be4 {[%emt 0:02:54]} 31. Bxe4 {[%emt 0:02:08]} Rxe4 {[%emt 0:00:05]} 32. Rxd3 {[%emt 0:05:14]} Rxb4 {[%emt 0:00:15]} 33. Rxd6 {[%emt 0:00:17]} g6 {[%emt 0:00:09]} 34. Rd3 {[%emt 0:00:44]} Rxa4 {[%emt 0:00:12]} 35. Kd1 {[%emt 0:00:15]} a6 {[%emt 0:01:25]} 36. Kc2 {[%emt 0:00:25]} b5 {[%emt 0:00:50]} 37. Kb2 {[%emt 0:00:48]} Kg7 {[%emt 0:00:13]} 38. h4 {[%emt 0:00:27]} Rb4+ {[%emt 0:03:00]} 39. Kc3 {[%emt 0:00:33]} Re4 {[%emt 0:00:16]} 40. Kd2 {[%emt 0:00:00]} Ra4 {[%emt 0:00:00]} 41. Kc1 {[%emt 0:13:50]} Nc6 {[%emt 0:01:22]} 42. Kb2 {[%emt 0:10:29]} Ne5 {[%emt 0:00:26]} 43. Rd5 {[%emt 0:04:11]} Ng4 {[%emt 0:00:13]} 44. f3 {[%emt 0:00:44]} Ne3 {[%emt 0:00:19]} 45. Rc5 {[%emt 0:01:43]} Nf5 {[%emt 0:00:47]} 46. g4 {[%emt 0:00:57]} Nxh4 {[%emt 0:00:14]} 47. Kb3 {[%emt 0:01:43]} Ng2 {[%emt 0:00:32]} 48. Nc2 {[%emt 0:00:30]} Nf4 {[%emt 0:00:17]} 49. e4 {[%emt 0:00:51]} Nd3 {[%emt 0:00:24]} 50. Rc6 {[%emt 0:00:37]} Nc1+ {[%emt 0:00:48]} 51. Kb2 {[%emt 0:00:06]} Nxa2 {[%emt 0:00:47]} 52. Rd6 {[%emt 0:00:52]} Nb4 {[%emt 0:01:32]} 53. Ne1 {[%emt 0:01:03]} 0-1

[Event "Polugaevsky Memorial 2018"]
[Site "Samara"]
[Date "2018.07.10"]
[Round "1"]
[White "Maneluk, Daniil"]
[Black "Iljushin, Alexei"]
[Result "1/2-1/2"]
[WhiteElo "2000"]
[BlackElo "2514"]
[Annotator "RC"]
[PlyCount "80"]
[EventDate "2018.07.10"]
[EventType "swiss"]
[EventCountry "RUS"]
[SourceTitle "playchess.com"]
[Source "ChessBase"]
[SourceQuality "1"]
[TimeControl "40/5400+30:1800+30"]

1. e4 {[%emt 0:00:00]} c6 {[%emt 0:00:00]} 2. d4 {[%emt 0:00:00]} d5 {[%emt 0:00:00]} 3. exd5 {[%emt 0:00:00]} cxd5 {[%emt 0:00:00]} 4. Bd3 {[%emt 0:00:00]} Nc6 {[%emt 0:00:00]} 5. c3 {[%emt 0:00:00]} g6 {[%emt 0:00:20]} 6. Bf4 {[%emt 0:00:11]} Bf5 {[%emt 0:00:18]} 7. Na3 {[%emt 0:10:33]} e6 {[%emt 0:05:42]} 8. Nc2 {[%emt 0:01:01]} Bd6 {[%emt 0:01:24]} 9. Bxd6 {[%emt 0:01:02]} Qxd6 {[%emt 0:00:02]} 10. Nf3 {[%emt 0:00:13]} Nf6 {[%emt 0:01:28]} 11. O-O {[%emt 0:00:22]} h5 {[%emt 0:02:53]} 12. Re1 {[%emt 0:01:09]} Be4 {[%emt 0:14:51]} 13. Ne5 {[%emt 0:05:00]} Nxe5 {[%emt 0:26:48]} 14. dxe5 {[%emt 0:00:54]} Qxe5 {[%emt 0:00:08]} 15. f3 {[%emt 0:01:55]} Ng4 {[%emt 0:00:59]} 16. fxg4 {[%emt 0:05:09]} hxg4 {[%emt 0:01:52]} 17. h3 {[%emt 0:07:44]} gxh3 {[%emt 0:15:58]} 18. Bxe4 {[%emt 0:00:12]} dxe4 {[%emt 0:00:12]} 19. Qd4 {[%emt 0:01:11]} Qxd4+ {[%emt 0:06:35]} 20. Nxd4 {[%emt 0:00:08]} hxg2 {[%emt 0:00:14]} 21. Kxg2 {[%emt 0:00:12]} Rh4 {[%emt 0:00:37]} 22. Kg3 {[%emt 0:01:09]} g5 {[%emt 0:01:27]} 23. Rh1 {[%emt 0:00:59]} Rxh1 {[%emt 0:04:10]} 24. Rxh1 {[%emt 0:00:08]} Ke7 {[%emt 0:00:17]} 25. Kg4 {[%emt 0:01:21]} Rg8 {[%emt 0:00:56]} 26. Re1 {[%emt 0:00:25]} f5+ {[%emt 0:03:22]} 27. Nxf5+ {[%emt 0:00:13]} exf5+ {[%emt 0:00:06]} 28. Kxf5 {[%emt 0:00:04]} Rf8+ {[%emt 0:00:32]} 29. Kxg5 {[%emt 0:00:29]} Rf2 {[%emt 0:00:14]} 30. Rxe4+ {[%emt 0:00:04]} Kd6 {[%emt 0:00:12]} 31. Rb4 {[%emt 0:00:12]} b6 {[%emt 0:00:30]} 32. a4 {[%emt 0:00:33]} Kc5 {[%emt 0:00:31]} 33. b3 {[%emt 0:01:18]} a6 {[%emt 0:05:03]} 34. Rc4+ {[%emt 0:00:44]} Kd5 {[%emt 0:00:04]} 35. Rb4 {[%emt 0:00:08]} Kc5 {[%emt 0:00:14]} 36. Rc4+ {[%emt 0:00:04]} Kd5 {[%emt 0:00:14]} 37. Rb4 {[%emt 0:00:05]} Kc5 {[%emt 0:00:27]} 38. Rc4+ {[%emt 0:00:05]} Kd5 {[%emt 0:00:06]} 39. Rb4 {[%emt 0:00:03]} Kc5 {[%emt 0:00:06]} 40. Rc4+ {[%emt 0:00:00]} Kd5 {[%emt 0:00:00]} 1/2-1/2

[Event "Polugaevsky Memorial 2018"]
[Site "Samara"]
[Date "2018.07.10"]
[Round "1"]
[White "Budnikova, Varvara"]
[Black "Burmakin, Vladimir"]
[Result "1-0"]
[WhiteElo "1964"]
[BlackElo "2490"]
[Annotator "TA"]
[PlyCount "25"]
[EventDate "2018.07.10"]
[EventType "swiss"]
[EventCountry "RUS"]
[SourceTitle "playchess.com"]
[Source "ChessBase"]
[SourceQuality "1"]

{[%evp 9,10,6,31]} 1. e4 d5 2. exd5 Qxd5 3. Nc3 Qd6 4. Bc4 Nf6 5. d3 (5. d4 a6 6. h3 b5 7. Bb3 Bb7 8. Nf3 c5 9. dxc5 Qxd1+ 10. Nxd1 e6 11. Be3 Nbd7 12. c6 Bxc6 13. O-O Be7 {½-½ (60) Savic,M (2628)-Milanovic,D (2547) Belgrade 2016}) 5... c6 {Predecessor:} 6. Nge2 $146 Bf5 7. Ng3 Bg6 8. f4 e6 9. Qe2 Be7 10. Nce4 Qc7 11. Nxf6+ Bxf6 12. f5 Bxf5 13. Nxf5 {0-1 (51) Bednay,D (2287)-Becskei,Z (2323) Hungary 2014} 1-0